000 01073na a2200301 4500
001 21875
003 MIRAKIL
005 20181213155206.0
008 170208b tu 000 0
035 _a21875
040 _aMilas
_btur
_cTR-AnCHP
041 _atur
082 _a353.04
_bH94 1996
090 _a353.04 H94 1996
245 _aHükümet programı
_bANAP Genel Başkanı ve Başbakan Mesut Yılmaz tarafından TBMM'ne sunulan ANAP-DYP kolaisyon hükümeti programı
_b7 Mart 1996
_cMesut Yılmaz
246 _a53. hükümet programı
260 _aAnkara
_bBaşbakanlık Basımevi
_c1996
300 _a24 s.
_c22 sm.
610 _aANAP-DYP Koalisyonu
_xHükümet programı
610 _aAnavatan Partisi (ANAP)
_xHükümet programı
650 _aKoalisyon hükümeti
_xANAP-DYP Koalisyonu
_yProgramlar
650 _aSiyaset ve yönetim
_xHükümet programları, 1996
_zTürkiye
650 _a53. Hükümet
_yHükümet programı
657 _a53. hükümet programı
700 _aYılmaz, Mesut
740 _a53. Hükümet programı
942 _2dcc
_cBKS
999 _c8310
_d8310